000 01459nam a2200229Ia 4500
003 Ost
005 20260507075329.0
008 260507s9999||||xx |||||||||||||| ||und||
020 _a62952299579
040 _cfsecg
041 _aara
082 _a0
100 _aالعامري، اسامة
_eمؤلف
245 0 _aاتجاهات إدارة المعلومات /
_c اسامة العامري
260 _aعمان:
_bدار اسامة,
_c2009
300 _a216 صفحة؛
_bإيضاحات ؛
_c25 سم
504 _aمراجع ص.213
520 _aمفاهيم و أساليب و نظريات الادارة ، محتوى و مضمون مصادر المعلومات و انواعها ، المعلومات و دورها في ادارة البحوث العملية ، ادارة المعلومات ، الخدمات المعلومات في مراكز المعلومات المتخصص ، اعداد القوى العاملة لجمع المعلومات ، الاتصال الاداري في المعلومات الداخلية و الخارجية ، الاتجات المستقبلية لأشكال مصادر المعلومات ، البيانات ، دور التسويق في تطوير خدمات المعلومات ، الوسائط فائقة التداخل ( الهيبرميديا ) و مستقبل الوصول للمعلومات
653 _aالمعلومات
653 _aنظم المعلومات ــ ادارة
942 _cكتاب
999 _c43989
_d43989